• 首页
  • 本馆介绍
  • 公告通知
  • 最新文献
  • 馆藏检索
  • 电子资源
  • 读者导购
  • 参考咨询
  • 我的图书馆
  • 登录
  • 详细信息显示
  • 放入我的书架
  • 预约/预借图书
  • 作者相关作品
  • 分类相关作品
  • 丛书相关作品
  • 出版社相关作品

书目信息

  • 表格格式
  • 工作单格式
  • 卡片格式
题名:
建构时间
    
 
作者: 惠普 , 亚当 , 萨伯里斯 编 ;冯周卓 译
分册:  
出版信息: 北京   北京师范大学出版社  2009
页数: 319页
开本: 23cm
丛书名: 时空社会学译丛
单 册:
中图分类: C935
科图分类:
主题词: 时间--管理 , 时间
电子资源:
ISBN: 978-7-303-09915-3
000 01304oam2 2200325 45
001 1029884382
005 20100428143337.85
010    @a978-7-303-09915-3@dCNY25.00
100    @a20100419d2009 ekmy0chiy0120 ea
101 1  @achi@ceng
102    @aCN@b110000
105    @ay z 000yy
106    @ar
200 1  @a建构时间@AJian Gou Shi Jian@dMaking time: time & management in modern organizations@e现代组织中的时间与管理@EXian Dai Zu Zhi Zhong De Shi Jian Yu Guan Li@f(英)理查德·惠普,芭芭拉·亚当,艾达·萨伯里斯编@F( Ying ) Li Cha De· Hui Pu, Ba Ba La· Ya Dang, Ai Da· Sa Bo Li Si Bian@g冯周卓译@zeng
210    @a北京@c北京师范大学出版社@d2009
215    @a319页@d23cm
225 2  @a时空社会学译丛
305    @a牛津大学出版社授权出版
330    @a本书分十三章,内容包括:遮蔽时间和建构时间:重新思考基本的假定、快速变化世界中的时间战略、其他管理方法的时间含义等。
461  0 @12001 @a时空社会学译丛
510 1  @aMaking time@etime & management in modern organizations@zeng
606 0  @a时间@x管理
606 0  @a时间
690    @aC935@v4
701  1 @a惠普@AHui Pu@4编
701  1 @a亚当@AYa Dang@g(女,Adam, barbara)@4编
701  1 @a萨伯里斯@ASa Bo Li Si@4编
702  0 @a冯周卓@AFeng Zhou Zhuo@4译
801  0 @aCN@bTANGWEI@c20100428
905    @b0593693-97@dC935@e433@f5
    
    建构时间=Making time: time & management in modern organizations:现代组织中的时间与管理/(英)理查德·惠普,芭芭拉·亚当,艾达·萨伯里斯编/冯周卓译.-北京:北京师范大学出版社,2009
    319页;23cm.-(时空社会学译丛)
    
    
    ISBN 978-7-303-09915-3:CNY25.00
    本书分十三章,内容包括:遮蔽时间和建构时间:重新思考基本的假定、快速变化世界中的时间战略、其他管理方法的时间含义等。
●
相关链接 在E读中查询图书 在五车中查询图书 在当当中查询图书 在豆瓣中查询图书


正题名:建构时间     索取号:C935/433         预约/预借

序号 登录号 条形码 馆藏地/架位号 状态 备注
1 0593693   205936932   第一样本阅览室/ [索取号:C935/433] 在馆    
2 0593694   205936941   第一借阅区/ [索取号:C935/433] 在馆    
3 0593695   205936950   第一借阅区/ [索取号:C935/433] 在馆    
4 0593696   205936969   第一借阅区/ [索取号:C935/433] 在馆    
5 0593697   205936978   第一借阅区/ [索取号:C935/433] 在馆    
唐山师范学院图书馆 欢迎您!
大连网信软件有限公司© 版权所有